| 000 | 00421nam a2200145Ia 4500 | ||
|---|---|---|---|
| 008 | 220530s9999 xx 000 0 und d | ||
| 020 | _a97893515227886 | ||
| 040 | _aeng | ||
| 100 |
_aJOGINDER VATI _961601 |
||
| 245 | _aNURSING FOUNDATION:CONCEPTS AND PERSPCTIVES FOR POST BASIC BSC NURSING | ||
| 250 | _aFIRST | ||
| 260 |
_aNAGPUR _bJAYPEE PUBLICATION,NAGPUR _c2015 |
||
| 300 | _a800 | ||
| 650 |
_aNURSING FOUNDATION _961602 |
||
| 999 |
_c2670 _d2670 |
||